• 首页
  • 本馆介绍
  • 公告通知
  • 最新文献
  • 馆藏检索
  • 电子资源
  • 读者导购
  • 参考咨询
  • 我的图书馆
  • 登录
  • 详细信息显示
  • 放入我的书架
  • 预约/预借图书
  • 作者相关作品
  • 分类相关作品
  • 丛书相关作品
  • 出版社相关作品

书目信息

  • 表格格式
  • 工作单格式
  • 卡片格式
题名:
每天学点内向者心理学
    
 
作者: 金岩 , 韩双桥 编著
分册:  
出版信息: 北京   中国纺织出版社  2017
页数: 307页
开本: 24cm
丛书名:
单 册:
中图分类: B848.6-49
科图分类:
主题词: 内倾性格--通俗读物
电子资源:
ISBN: 978-7-5180-3347-8
000 01500nam0 2200253 450
001 94
005 20180519104010.55
010    @a978-7-5180-3347-8@dCNY39.80
100    @a20170619d2017 em y0chiy50 ea
101 0  @achi
102    @aCN@b110000
105    @ay z 000yy
200 1  @a每天学点内向者心理学@9mei tian xue dian nei xiang zhe xin li xue@f金岩,韩双桥编著
210    @a北京@c中国纺织出版社@d2017
215    @a307页@d24cm
314    @a金岩,男,本名李春桥,中国科学院心理研究所在职博士,国家团体心理咨询师。现任世界华人音乐家协会副秘书长,中国民族器乐学会常务理事、副秘书长,北京乐器学会专职副秘书长等。出版《工匠品》《无界营销》《实用文案与活动策撰写技巧及实例全书》《低调做人的智慧,高标做事的细节》《做个有志气的男孩》《做个懂幽默能包容心淡定的女人》等多部畅销图书。
314    @a韩双桥,男,毕业于北京航空航天大学土木工程系,北京市朝阳区青联委员,京桥基业建设集团有限公司董事长,北京京桥基业文化传媒有限公司董事长,北京开封企业商会常务副会长,北京市海淀区民防协会常务副会长,曾策划出版《工匠品》《无界营销》等多部畅销图书。
330    @a本书通过生动形象的故事,通俗易懂的语言,为您全面展示内向者的性格优势及心理特征,让内向者能够从中感受到共鸣。同时,通过日常交际中的人际关系、职场、家庭、婚姻方面举例说明,教会内向者放松身心、管理情绪、扬长避短,发挥内向者自身的优势。
606 0  @a内倾性格@j通俗读物
690    @aB848.6-49@v5
701  0 @a金岩@9jin yan@4编著
701  0 @a韩双桥@9han shuang qiao@4编著
801  0 @aCN@b91MARC@c20170619
905    @aMuseLib@dB848.6-49@e2101
    
    每天学点内向者心理学/金岩,韩双桥编著.-北京:中国纺织出版社,2017
    307页;24cm
    
    
    ISBN 978-7-5180-3347-8:CNY39.80
    本书通过生动形象的故事,通俗易懂的语言,为您全面展示内向者的性格优势及心理特征,让内向者能够从中感受到共鸣。同时,通过日常交际中的人际关系、职场、家庭、婚姻方面举例说明,教会内向者放松身心、管理情绪、扬长避短,发挥内向者自身的优势。
●
相关链接 在E读中查询图书 在五车中查询图书 在当当中查询图书 在豆瓣中查询图书


正题名:每天学点内向者心理学     索取号:B848.6-49/2101         预约/预借

序号 登录号 条形码 馆藏地/架位号 状态 备注
1 1100490   211004900   第一样本阅览室/ [索取号:B848.6-49/2101] 在馆    
2 1100491   211004919   教育系资料室/ [索取号:B848.6-49/2101] 在馆    
3 1100492   211004928   教育系资料室/ [索取号:B848.6-49/2101] 在馆    
4 1100493   211004937   教育系资料室/ [索取号:B848.6-49/2101] 在馆    
5 1100494   211004946   第一借阅区/ [索取号:B848.6-49/2101] 在馆    
6 1100495   211004955   第一借阅区/ [索取号:B848.6-49/2101] 在馆    
唐山师范学院图书馆 欢迎您!
大连网信软件有限公司© 版权所有